00841nam a2200217 a 450000100100000000500170001000800410002704000250006808200200009310000300011324501000014325000240024326000450026730000280031250000730034050400340041365000450044765000240049265000600051665000470057600001628720240404094740.0100303s1997 dr a r 001 0 spa d aDO-SdBNPbspacBNPHU a079.7293bC957h1 aCruz Sánchez, Filiberto10aHistoria de los medios de comunicación en República Dominicana /cFiliberto Cruz Sánchez. a2a ed. corr. y amp. aSanto Domingo :bEl Nuevo Diario,c1997. a303 p. :bil. ;c21 cm. aIncluye referencias bibliográficas y notas al pie de las páginas aBibibliografía : p. 219-222 4aPrensazRepública DominicanaxHistoria 4aPolítica y prensa 4aMedios de comunicación de masasxAspectos políticos 4aImprentaxHistoriazRepública Dominicana